000 00289nam a22001337a 4500
008 170523b xxu||||| |||| 00| 0 eng d
020 _a9781405105644
041 _aeng
080 _a94(7/8)
100 _a16
101 _aSHH
245 _aLIFE IN AMERICA
_cBAKER, L.D
942 _2udc
_cBK
999 _c13863
_d13863